MARC details
| 000 -LEADER |
| fixed length control field |
04226cam a22005178i 4500 |
| 001 - CONTROL NUMBER |
| control field |
22973883 |
| 005 - DATE AND TIME OF LATEST TRANSACTION |
| control field |
20250501104700.0 |
| 008 - FIXED-LENGTH DATA ELEMENTS--GENERAL INFORMATION |
| fixed length control field |
230215s2023 dcu b 001 0 eng |
| 010 ## - LIBRARY OF CONGRESS CONTROL NUMBER |
| LC control number |
2023006328 |
| 020 ## - INTERNATIONAL STANDARD BOOK NUMBER |
| International Standard Book Number |
9781433838880 |
| 037 ## - SOURCE OF ACQUISITION |
| Terms of availability |
TB |
| 040 ## - CATALOGING SOURCE |
| Original cataloging agency |
CRL |
| Language of cataloging |
eng |
| Description conventions |
rda |
| Transcribing agency |
CRL |
| Modifying agency |
CRL |
| 041 ## - LANGUAGE CODE |
| Source of code |
eng |
| Language code of text/sound track or separate title |
eng |
| 042 ## - AUTHENTICATION CODE |
| Authentication code |
pcc |
| 050 00 - LIBRARY OF CONGRESS CALL NUMBER |
| Classification number |
HV6556 |
| Item number |
.G635 2023 |
| 084 ## - COLON CLASSIFICATION NUMBER |
| Classification number |
S55:(Y15:45).6-73 R3 |
| Assigning agency |
CRL |
| 100 1# - MAIN ENTRY--PERSONAL NAME |
| Personal name |
Gómez, Jennifer M., |
| Relator term |
author. |
| 9 (RLIN) |
753613 |
| 245 14 - TITLE STATEMENT |
| Title |
The cultural betrayal of Black women and girls : |
| Remainder of title |
a Black feminist approach to healing from sexual abuse |
| 260 ## - PUBLICATION, DISTRIBUTION, ETC. |
| Place of publication, distribution, etc. |
Washington, USA: |
| Name of publisher, distributor, etc. |
American Psychological Association, |
| Date of publication, distribution, etc. |
2023. |
| 263 ## - PROJECTED PUBLICATION DATE |
| Projected publication date |
2306 |
| 264 #1 - PRODUCTION, PUBLICATION, DISTRIBUTION, MANUFACTURE, AND COPYRIGHT NOTICE |
| Date of production, publication, distribution, manufacture, or copyright notice |
[2023] |
| 300 ## - PHYSICAL DESCRIPTION |
| Extent |
xvii, 233p. cm |
| 336 ## - CONTENT TYPE |
| Content type term |
text |
| Content type code |
txt |
| Source |
rdacontent |
| 337 ## - MEDIA TYPE |
| Media type term |
unmediated |
| Media type code |
n |
| Source |
rdamedia |
| 338 ## - CARRIER TYPE |
| Carrier type term |
volume |
| Carrier type code |
nc |
| Source |
rdacarrier |
| 365 ## - TRADE PRICE |
| Price amount |
41.99 |
| Currency code |
USD |
| 504 ## - BIBLIOGRAPHY, ETC. NOTE |
| Bibliography, etc. note |
Includes bibliographical references and index. |
| 505 0# - FORMATTED CONTENTS NOTE |
| Formatted contents note |
What's Racism Got to Do With It? Black Women and Girls, Sexual Abuse, and Liberation -- Black Women & Girls: Racism & Intersectional Oppression -- The 'Rape Problem' & Secondary Marginalization Against Black Women & Girls -- Cultural Betrayal Trauma Theory: Framework, Evidence, & Future Directions -- Culturally Competent Trauma Therapy: Holistic Healing -- Radical Healing in the Black Community -- Institutional Courage to Change the World -- Conclusion: What Does It All Mean? From Individual to Structural Change. |
| 520 ## - SUMMARY, ETC. |
| Summary, etc. |
"A theoretical framework for empirically examining the impact of violence on marginalized peoples across the lifespan"-- |
| Assigning source |
Provided by publisher. |
| 520 ## - SUMMARY, ETC. |
| Summary, etc. |
"This book provides a theoretical framework for empirically examining the impact of violence on marginalized peoples across the lifespan. With anti-Black racism uniquely impacting Black women and girls who are sexually victimized, a unifying, empirically testable framework with a critical race perspective to examine Black women and girls' experiences of sexual violence is warranted. Dr. Jennifer M. Gómez created cultural betrayal trauma theory (CBTT) to expand the limiting assumption in the dominant theoretical and methodological literature on the impact of violence that traumas, such as rape, are solely interpersonal. In CBTT, Dr. Gómez builds on Black feminist scholarship, ethnic minority trauma psychology, and betrayal trauma theory to provide a theoretical framework for examining the impact of violence on marginalized peoples across the lifespan.The Cultural Betrayal of Black Women and Girls is the first book to use the CBTT research to contribute to academic and national discussions regarding anti-Black racism and sexual abuse. Using CBTT as a foundation, this book incorporates transdisciplinary scholarship on racism, intersectional oppression and intersectionality, sexual abuse against Black women and girls, cultural competency and critical consciousness in therapy, and healing in the community into a single resource for understanding and addressing oppression and sexual abuse on individual, institutional, and societal levels"-- |
| Assigning source |
Provided by publisher. |
| 650 #0 - SUBJECT ADDED ENTRY--TOPICAL TERM |
| Topical term or geographic name entry element |
Sexual abuse victims |
| General subdivision |
Psychology. |
| 9 (RLIN) |
753614 |
| 650 #0 - SUBJECT ADDED ENTRY--TOPICAL TERM |
| Topical term or geographic name entry element |
African American women |
| General subdivision |
Violence against. |
| 9 (RLIN) |
753615 |
| 650 #0 - SUBJECT ADDED ENTRY--TOPICAL TERM |
| Topical term or geographic name entry element |
Women, Black |
| General subdivision |
Violence against. |
| 9 (RLIN) |
753616 |
| 650 #0 - SUBJECT ADDED ENTRY--TOPICAL TERM |
| Topical term or geographic name entry element |
Rape culture. |
| 9 (RLIN) |
753617 |
| 650 #0 - SUBJECT ADDED ENTRY--TOPICAL TERM |
| Topical term or geographic name entry element |
Men, Black |
| General subdivision |
Psychology. |
| 9 (RLIN) |
753618 |
| 650 #0 - SUBJECT ADDED ENTRY--TOPICAL TERM |
| Topical term or geographic name entry element |
Psychic trauma |
| General subdivision |
Treatment. |
| 9 (RLIN) |
753619 |
| 650 #0 - SUBJECT ADDED ENTRY--TOPICAL TERM |
| Topical term or geographic name entry element |
Racism |
| General subdivision |
Psychological aspects. |
| 9 (RLIN) |
753620 |
| 650 #0 - SUBJECT ADDED ENTRY--TOPICAL TERM |
| Topical term or geographic name entry element |
Feminist theory. |
| 650 #7 - SUBJECT ADDED ENTRY--TOPICAL TERM |
| Topical term or geographic name entry element |
PSYCHOLOGY / Psychopathology / Post-Traumatic Stress Disorder (PTSD) |
| Source of heading or term |
bisacsh |
| 9 (RLIN) |
752872 |
| 650 #7 - SUBJECT ADDED ENTRY--TOPICAL TERM |
| Topical term or geographic name entry element |
SOCIAL SCIENCE / Gender Studies |
| Source of heading or term |
bisacsh |
| 9 (RLIN) |
753077 |
| 776 08 - ADDITIONAL PHYSICAL FORM ENTRY |
| Relationship information |
Online version: |
| Main entry heading |
Gómez, Jennifer M. |
| Title |
Cultural betrayal of Black women and girls |
| Place, publisher, and date of publication |
Washington, DC : American Psychological Association, [2023] |
| International Standard Book Number |
9781433838897 |
| Record control number |
(DLC) 2023006329 |
| 906 ## - LOCAL DATA ELEMENT F, LDF (RLIN) |
| a |
7 |
| b |
cbc |
| c |
orignew |
| d |
1 |
| e |
ecip |
| f |
20 |
| g |
y-gencatlg |
| 942 ## - ADDED ENTRY ELEMENTS (KOHA) |
| Source of classification or shelving scheme |
Colon Classification (CC) |
| Koha item type |
Textbook |
| Classification part |
S55:(Y15:45).6-73 R3 |
| Suppress in OPAC |
No |